[Event "Thrissur op (Women)"]
[Site "Thrissur"]
[Date "2013.08.01"]
[Round "9"]
[White "Bidhar, Rutumbara"]
[Black "Bharathi, R."]
[Result "1/2-1/2"]
[WhiteElo "1698"]
[BlackElo "2129"]
[PlyCount "85"]
[EventDate "2013.07.26"]
[EventType "swiss"]
[EventRounds "11"]
[EventCountry "IND"]
[SourceTitle "EXT 2014"]
[Source "ChessBase"]
[SourceDate "2013.11.20"]
[SourceVersion "1"]
[SourceVersionDate "2013.11.20"]
[SourceQuality "1"]

1. e4 c5 2. Nf3 e6 3. d4 cxd4 4. Nxd4 Nc6 5. Nb5 d6 6. N1c3 a6 7. Nd4 Nf6 8. Be3 Qc7 9. Be2 Be7 10. 0-0 0-0 11. Kh1 b5 12. a3 Bb7 13. f3 Rfd8 14. Qe1 d5 15. exd5 Nxd5 16. Nxd5 Rxd5 17. Nxc6 Bxc6 18. Rd1 Rad8 19. Qf2 Qe5 20. c3 Qf5 21. Rxd5 Rxd5 22. f4 Rd7 23. Rd1 Rxd1+ 24. Bxd1 Qh3 25. Bb6 Qd3 26. Qe2 Qd5 27. Kg1 Bd6 28. Be3 e5 29. Qg4 f5 30. Qe2 exf4 31. Bd4 Bc5 32. Qd2 Qd6 33. Bb3+ Kf8 34. Bxc5 Qxc5+ 35. Kf1 Qe5 36. Qd8+ Be8 37. Qb6 Bf7 38. Qd8+ Qe8 39. Qd6+ Qe7 40. Qb8+ Qe8 41. Qd6+ Qe7 42. Qb8+ Qe8 43. Qd6+ 1/2-1/2

[Event "Thrissur op (Women)"]
[Site "Thrissur"]
[Date "2013.07.30"]
[Round "7"]
[White "Padmini, Rout"]
[Black "Bharathi, R."]
[Result "1-0"]
[WhiteElo "2332"]
[BlackElo "2129"]
[PlyCount "107"]
[EventDate "2013.07.26"]
[EventType "swiss"]
[EventRounds "11"]
[EventCountry "IND"]
[SourceTitle "EXT 2014"]
[Source "ChessBase"]
[SourceDate "2013.11.20"]
[SourceVersion "1"]
[SourceVersionDate "2013.11.20"]
[SourceQuality "1"]

1. e4 c5 2. Nf3 e6 3. d4 cxd4 4. Nxd4 Nc6 5. Nc3 a6 6. Nxc6 bxc6 7. Bd3 d5 8. 0-0 Nf6 9. Qe2 Be7 10. b3 Qc7 11. Bb2 Bb7 12. Rad1 0-0 13. Rfe1 d4 14. Nb1 e5 15. Nd2 a5 16. a4 Nd7 17. c3 c5 18. Rc1 Qb6 19. Qg4 Rfd8 20. Bb5 Nf8 21. Ba3 Ng6 22. cxd4 cxd4 23. Bxe7 Nxe7 24. Rc4 Qh6 25. Nf3 Qd6 26. Rec1 Rac8 27. Nd2 Qh6 28. Qe2 Rxc4 29. Rxc4 Qd6 30. Rc1 Ng6 31. g3 h6 32. f3 Rc8 33. Rxc8+ Bxc8 34. h4 h5 35. Kf2 Qb4 36. Qd3 Be6 37. Ke2 Ne7 38. Bc4 Bxc4 39. Qxc4 Qb6 40. Qb5 Qxb5+ 41. axb5 Kf8 42. Nc4 f6 43. b6 Nc6 44. b7 Ke7 45. Nxa5 Nb8 46. f4 Ke6 47. fxe5 fxe5 48. Kd3 Kd6 49. Nc4+ Ke6 50. b4 g6 51. Kd2 Nd7 52. b5 Nb8 53. Kc2 Nd7 54. Kb2 1-0

[Event "Thrissur op (Women)"]
[Site "Thrissur"]
[Date "2013.07.26"]
[Round "1"]
[White "Priyanka, K."]
[Black "Bharathi, R."]
[Result "1/2-1/2"]
[WhiteElo "1602"]
[BlackElo "2129"]
[PlyCount "57"]
[EventDate "2013.07.26"]
[EventType "swiss"]
[EventRounds "11"]
[EventCountry "IND"]
[SourceTitle "EXT 2014"]
[Source "ChessBase"]
[SourceDate "2013.11.20"]
[SourceVersion "1"]
[SourceVersionDate "2013.11.20"]
[SourceQuality "1"]

1. e4 c5 2. Nf3 e6 3. d4 cxd4 4. Nxd4 Nc6 5. Nc3 a6 6. Be3 Qc7 7. Be2 Nf6 8. 0-0 Bb4 9. Bf3 Bxc3 10. bxc3 Ne5 11. Bd2 0-0 12. a4 b6 13. Re1 Bb7 14. Rb1 Nxf3+ 15. Qxf3 Nxe4 16. Rxe4 Bxe4 17. Qxe4 f5 18. Qd3 f4 19. Nf3 Rf5 20. h3 Rd5 21. Qe4 Rf8 22. Rb4 Rdf5 23. Rc4 Qb8 24. Rd4 R8f7 25. Qd3 Qb7 26. Qe4 Qb8 27. Qd3 Qb7 28. Qe4 Qb8 29. Qd3 1/2-1/2

[Event "Golden Sands Europe op 2nd"]
[Site "Golden Sands"]
[Date "2013.06.12"]
[Round "3"]
[White "Dimitrov, Radoslav"]
[Black "Bharathi, R."]
[Result "1/2-1/2"]
[WhiteElo "2429"]
[BlackElo "2134"]
[PlyCount "120"]
[EventDate "2013.06.10"]
[EventType "swiss"]
[EventRounds "9"]
[EventCountry "BUL"]
[SourceTitle "CBM 154 Extra"]
[Source "ChessBase"]
[SourceDate "2013.06.25"]
[SourceVersion "2"]
[SourceVersionDate "2013.06.25"]
[SourceQuality "1"]

1. c4 e5 2. Nc3 Nf6 3. Nf3 Nc6 4. d4 e4 5. Ne5 Bb4 6. Nxc6 bxc6 7. Bf4 0-0 8. e3 c5 9. a3 cxd4 10. axb4 dxc3 11. bxc3 d6 12. Be2 Bf5 13. 0-0 Nd7 14. Qd4 Qe7 15. Ra5 Bg6 16. Rfa1 Rfe8 17. Rxa7 Rxa7 18. Rxa7 Nf8 19. Qd5 Ne6 20. Bg3 Qf6 21. h4 Bf5 22. c5 dxc5 23. bxc5 g6 24. Ra8 Rxa8 25. Qxa8+ Kg7 26. Qd5 Kg8 27. Be5 Qxh4 28. g4 Bxg4 29. Qa8+ Nf8 30. Qxe4 h5 31. Bxc7 Qg5 32. Bxg4 Qxc5 33. Be5 hxg4 34. Bd4 Qf5 35. Qa8 Qg5 36. Qb8 Qd5 37. Qc8 Qd7 38. Qb8 Qd5 39. c4 Qxc4 40. Qe5 Qc1+ 41. Kh2 g3+ 42. Qxg3 Qd1 43. Qf4 Qh5+ 44. Kg2 Qd5+ 45. f3 Ne6 46. Qb8+ Qd8 47. Qb4 Qg5+ 48. Kf2 Qh4+ 49. Ke2 Qh2+ 50. Kd3 Qc7 51. Qb5 Kf8 52. Qd5 Nxd4 53. exd4 Ke7 54. Qg5+ Ke8 55. f4 Qd6 56. Qe5+ Qxe5 57. fxe5 Ke7 58. d5 f6 59. e6 f5 60. Ke3 g5 1/2-1/2

[Event "Golden Sands Europe op 2nd"]
[Site "Golden Sands"]
[Date "2013.06.10"]
[Round "1"]
[White "Enchev, Ivajlo"]
[Black "Bharathi, R."]
[Result "0-1"]
[WhiteElo "2473"]
[BlackElo "2134"]
[PlyCount "138"]
[EventDate "2013.06.10"]
[EventType "swiss"]
[EventRounds "9"]
[EventCountry "BUL"]
[SourceTitle "CBM 154 Extra"]
[Source "ChessBase"]
[SourceDate "2013.06.25"]
[SourceVersion "2"]
[SourceVersionDate "2013.06.25"]
[SourceQuality "1"]

1. d4 d5 2. Nf3 Nf6 3. Bf4 Bf5 4. c4 c6 5. Qb3 Qb6 6. c5 Qxb3 7. axb3 Nbd7 8. b4 e6 9. Nc3 Be7 10. b5 0-0 11. bxc6 bxc6 12. h3 Ne4 13. Na4 f6 14. e3 e5 15. Bh2 a5 16. Be2 Bd8 17. 0-0 Bc7 18. Rfd1 Rab8 19. Ne1 Ng5 20. f3 Ne6 21. e4 dxe4 22. Bc4 Rfe8 23. fxe4 Bxe4 24. Nc3 f5 25. Nxe4 fxe4 26. d5 cxd5 27. Rxd5 Nf6 28. Rd2 Kh8 29. Bxe6 Rxe6 30. Rc1 Rc6 31. Kf1 h6 32. Rc4 Rb5 33. Rdc2 Kg8 34. Ke2 Kf7 35. g3 Ke6 36. Ng2 Bd8 37. Bg1 Be7 38. Bf2 Rb4 39. Rxb4 axb4 40. Rc4 Nd5 41. Kd2 e3+ 42. Nxe3 Rxc5 43. Rg4 Nxe3 44. Bxe3 Rd5+ 45. Ke2 Kf6 46. Rc4 Kf5 47. Rc7 Ke6 48. g4 Rd7 49. Rc4 Kd5 50. Kd3 Bd6 51. Bd2 Rf7 52. Rc8 Rf3+ 53. Ke2 Rxh3 54. Rd8 Ke6 55. Re8+ Kd7 56. Rg8 g5 57. Rh8 e4 58. Rh7+ Kc6 59. Rf7 Rh4 60. Rf6 Kd5 61. Rf5+ Kc4 62. Rf6 Bc5 63. Rc6 Kd5 64. Rg6 Rxg4 65. Rxh6 Rg2+ 66. Kd1 e3 67. Be1 Rxb2 68. Rg6 Rg2 69. Bh4 b3 0-1

[Event "New Delhi Parsvnath op 11th"]
[Site "New Delhi"]
[Date "2013.01.07"]
[Round "4"]
[White "Kulkarni, Chinmay"]
[Black "Bharathi, R."]
[Result "0-1"]
[WhiteElo "2256"]
[BlackElo "2101"]
[PlyCount "82"]
[EventDate "2013.01.05"]
[EventType "swiss"]
[EventRounds "11"]
[EventCountry "IND"]
[SourceTitle "EXT 2014"]
[Source "ChessBase"]
[SourceDate "2013.11.20"]
[SourceVersion "1"]
[SourceVersionDate "2013.11.20"]
[SourceQuality "1"]

1. Nf3 d5 2. d4 Nf6 3. c4 c6 4. e3 Bf5 5. cxd5 cxd5 6. Qb3 Qc7 7. Nc3 e6 8. Bd2 Nc6 9. Rc1 Be7 10. Ne5 0-0 11. Be2 Rac8 12. 0-0 Qb8 13. f4 Nxe5 14. fxe5 Ne4 15. Nxe4 Bxe4 16. Bb4 Bxb4 17. Qxb4 Rxc1 18. Rxc1 Qd8 19. Bf1 Qg5 20. Qd2 f6 21. exf6 Qxf6 22. Qe1 e5 23. Rd1 exd4 24. Rxd4 Rc8 25. Rd2 Qe5 26. Qg3 Qxg3 27. hxg3 Rc1 28. Kf2 Kf7 29. Be2 Ke6 30. Bf3 Ke5 31. Ke2 Rc2 32. Bxe4 Rxd2+ 33. Kxd2 Kxe4 34. Ke2 g5 35. Kd2 d4 36. exd4 Kxd4 37. Ke2 Ke4 38. Kd2 Kf5 39. Ke3 Kg4 40. Kf2 a6 41. a3 a5 0-1

[Event "IND-chT (Women) 32nd"]
[Site "Panaji"]
[Date "2012.02.28"]
[Round "2"]
[White "Vijayalakshmi, Subbaraman"]
[Black "Bharathi, R."]
[Result "1-0"]
[WhiteElo "2415"]
[BlackElo "2096"]
[PlyCount "57"]
[EventDate "2012.02.27"]
[EventType "team-swiss"]
[EventRounds "7"]
[EventCountry "IND"]
[SourceTitle "CBM 147 Extra"]
[Source "ChessBase"]
[SourceDate "2012.04.24"]
[SourceVersion "1"]
[SourceVersionDate "2012.04.24"]
[SourceQuality "1"]
[WhiteTeam "Air India (W)"]
[BlackTeam "Tamil Nadu State (W)"]
[WhiteTeamCountry "IND"]
[BlackTeamCountry "IND"]

1. Nf3 Nf6 2. g3 d5 3. Bg2 g6 4. b3 Bg7 5. Bb2 0-0 6. 0-0 c5 7. d4 cxd4 8. Nxd4 Re8 9. e3 e5 10. Ne2 Nc6 11. Nd2 Bf5 12. c4 Bd3 13. cxd5 Nxd5 14. Ne4 Ndb4 15. a3 Na6 16. b4 Bc4 17. Re1 Qe7 18. Qc2 Bxe2 19. Qxe2 Nc7 20. Nc5 Ne6 21. Nxb7 Qxb7 22. b5 Ned8 23. bxc6 Nxc6 24. Rab1 Qd7 25. Red1 Qe6 26. Bd5 Qf6 27. f4 Rad8 28. Rbc1 Ne7 29. Bxe5 1-0

[Event "Hastings Masters op 87th"]
[Site "Hastings"]
[Date "2012.01.05"]
[Round "9"]
[White "Bharathi, R."]
[Black "Taylor, Adam C"]
[Result "1/2-1/2"]
[WhiteElo "2094"]
[BlackElo "1772"]
[PlyCount "89"]
[EventDate "2011.12.28"]
[EventType "swiss"]
[EventRounds "9"]
[EventCountry "ENG"]
[SourceTitle "CBM 146 Extra"]
[Source "ChessBase"]
[SourceDate "2012.02.29"]
[SourceVersion "1"]
[SourceVersionDate "2012.02.29"]
[SourceQuality "1"]

1. e4 c5 2. Nf3 d6 3. d4 cxd4 4. Nxd4 Nf6 5. Nc3 a6 6. a4 e6 7. f4 Nc6 8. Nf3 Be7 9. Bd3 d5 10. e5 Nd7 11. 0-0 f6 12. exf6 Nxf6 13. Kh1 0-0 14. Qe1 Bd6 15. Bd2 Bd7 16. Ng5 Qe8 17. Qh4 h6 18. Nf3 Nb4 19. Ne5 Nxd3 20. cxd3 Bxe5 21. fxe5 Nh7 22. Qg4 Kh8 23. Ne2 g5 24. Rxf8+ Qxf8 25. Ng3 Qf2 26. Bc3 Rf8 27. Qe2 Qxe2 28. Nxe2 Kg7 29. Kg1 Kg6 30. Nd4 g4 31. Nb3 h5 32. Nc5 Bc8 33. a5 Ng5 34. Ra4 Rf7 35. Rb4 Rc7 36. Nb3 Nf7 37. Kf2 Nh6 38. Rb6 Nf5 39. d4 Rf7 40. Ke1 Ne3 41. g3 Nc4 42. Rb4 Ne3 43. Rb6 Nc4 44. Rb4 Ne3 45. Rb6 1/2-1/2

[Event "IND-ch (Women) 38th"]
[Site "Chennai"]
[Date "2011.11.06"]
[Round "8"]
[White "Bharathi, R."]
[Black "Sahajasri, Cholleti"]
[Result "1-0"]
[WhiteElo "2112"]
[BlackElo "2074"]
[PlyCount "49"]
[EventDate "2011.10.29"]
[EventType "swiss"]
[EventRounds "11"]
[EventCountry "IND"]
[SourceTitle "EXT 2012"]
[Source "ChessBase"]
[SourceDate "2011.11.24"]
[SourceVersion "1"]
[SourceVersionDate "2011.11.24"]
[SourceQuality "1"]

1. e4 c5 2. Nf3 d6 3. d4 cxd4 4. Qxd4 Bd7 5. c4 Nc6 6. Qd2 g6 7. Be2 Bg7 8. 0-0 Nf6 9. Nc3 Bg4 10. Rb1 0-0 11. b3 Nd7 12. Bb2 Nc5 13. Qe3 a6 14. Nd5 e6 15. Bxg7 Kxg7 16. Nc3 Bxf3 17. Qxf3 e5 18. Qe3 Nd4 19. f4 f6 20. b4 Nd7 21. Bd3 Rc8 22. Rfc1 b5 23. cxb5 Qb6 24. Nd5 Ne2+ 25. Bxe2 1-0

[Event "IND-ch (Women) 38th"]
[Site "Chennai"]
[Date "2011.11.01"]
[Round "4"]
[White "Mahalakshmi, Muganda Kumar"]
[Black "Bharathi, R."]
[Result "0-1"]
[WhiteElo "1954"]
[BlackElo "2112"]
[PlyCount "70"]
[EventDate "2011.10.29"]
[EventType "swiss"]
[EventRounds "11"]
[EventCountry "IND"]
[SourceTitle "EXT 2012"]
[Source "ChessBase"]
[SourceDate "2011.11.24"]
[SourceVersion "1"]
[SourceVersionDate "2011.11.24"]
[SourceQuality "1"]

1. d4 d5 2. c4 c6 3. e3 Bf5 4. Nc3 e6 5. Qb3 Qc7 6. Nf3 Nf6 7. Be2 Nbd7 8. Bd2 dxc4 9. Bxc4 Be7 10. Rc1 0-0 11. 0-0 Nb6 12. Be2 Nbd5 13. Ne5 Nxc3 14. Bxc3 Nd5 15. Bf3 Nxc3 16. Rxc3 h6 17. h3 Rfd8 18. Bh5 Rf8 19. e4 Bh7 20. Rf3 g6 21. Bg4 Kg7 22. Rc3 Rad8 23. Rd1 Bf6 24. f4 g5 25. f5 exf5 26. Bxf5 Bxf5 27. exf5 Bxe5 28. dxe5 Qxe5 29. Rf1 Rd2 30. f6+ Kg8 31. Qxb7 Rb8 32. Qe7 Qd5 33. Rg3 Rbxb2 34. Qe8+ Kh7 35. Re1 Rxg2+ 0-1

[Event "Wch U20 Girls 29th"]
[Site "Chennai"]
[Date "2011.08.13"]
[Round "11"]
[White "Bharathi, R."]
[Black "Ivana Maria, Furtado"]
[Result "1-0"]
[WhiteElo "2117"]
[BlackElo "2012"]
[PlyCount "131"]
[EventDate "2011.08.02"]
[EventType "swiss"]
[EventRounds "13"]
[EventCountry "IND"]
[SourceTitle "CBM 143 Extra"]
[Source "ChessBase"]
[SourceDate "2011.08.29"]
[SourceVersion "1"]
[SourceVersionDate "2011.08.29"]
[SourceQuality "1"]

1. e4 e6 2. d4 d5 3. Nd2 Nf6 4. e5 Nfd7 5. Bd3 c5 6. c3 Nc6 7. Ne2 cxd4 8. cxd4 f6 9. exf6 Nxf6 10. Nf3 Bd6 11. 0-0 Qc7 12. Nc3 a6 13. Bg5 0-0 14. Rc1 Bd7 15. Bh4 Nh5 16. Ng5 Nf6 17. Bg3 Bxg3 18. hxg3 h6 19. Nf3 Qd6 20. Re1 Be8 21. Qe2 Bh5 22. Qe3 Bxf3 23. gxf3 Rae8 24. Bg6 Re7 25. f4 Qb4 26. Red1 Qxb2 27. Rb1 Qa3 28. Nxd5 Qxe3 29. Nxe7+ Nxe7 30. fxe3 Nxg6 31. Rxb7 Ne4 32. Kg2 Rc8 33. Kf3 Nf6 34. Rb6 Kf7 35. Rxa6 Rc3 36. Rb1 Nd5 37. Rb3 Rc1 38. Ra7+ Nge7 39. e4 Nf6 40. Rbb7 Rc3+ 41. Ke2 Nfg8 42. d5 exd5 43. exd5 Rc2+ 44. Ke3 Kf6 45. d6 Nf5+ 46. Kd3 Rc6 47. d7 Rd6+ 48. Kc3 Nge7 49. g4 Nd4 50. Ra8 Ndc6 51. a4 g6 52. Re8 Kf7 53. d8Q Rxd8 54. Rbxe7+ Nxe7 55. Rxd8 Nc6 56. Rd6 Nb8 57. a5 h5 58. gxh5 gxh5 59. a6 Nxa6 60. Rxa6 Kg7 61. Kd4 h4 62. Ke5 h3 63. Ra3 h2 64. Rh3 Kf8 65. Ke6 Ke8 66. Rh8# 1-0

[Event "IND-chB (Women) 38th"]
[Site "Chennai"]
[Date "2011.07.08"]
[Round "9"]
[White "Sahajasri, Cholleti"]
[Black "Bharathi, R."]
[Result "0-1"]
[WhiteElo "2023"]
[BlackElo "2117"]
[PlyCount "56"]
[EventDate "2011.07.02"]
[EventType "swiss"]
[EventRounds "11"]
[EventCountry "IND"]
[SourceTitle "CBM 143 Extra"]
[Source "ChessBase"]
[SourceDate "2011.08.29"]
[SourceVersion "1"]
[SourceVersionDate "2011.08.29"]
[SourceQuality "1"]

1. d4 d5 2. Nf3 Nc6 3. e3 Bg4 4. Be2 e6 5. Nbd2 Nf6 6. h3 Bh5 7. b3 Bb4 8. a3 Ne4 9. 0-0 Nc3 10. Qe1 Nxe2+ 11. Qxe2 Bc3 12. Ra2 0-0 13. Nb1 Ba5 14. c4 dxc4 15. bxc4 e5 16. g4 Bg6 17. Bd2 Bxd2 18. Rxd2 e4 19. Ne1 f5 20. Ng2 fxg4 21. hxg4 Qg5 22. Nf4 Rf6 23. Nd5 Rf3 24. Rc1 Qxg4+ 25. Kf1 Raf8 26. Rcc2 Bh5 27. Nbc3 Qh3+ 28. Ke1 Rxf2 0-1

[Event "IND-chB (Women) 38th"]
[Site "Chennai"]
[Date "2011.07.04"]
[Round "4"]
[White "Bharathi, R."]
[Black "Akshaya, A."]
[Result "1-0"]
[WhiteElo "2117"]
[BlackElo "1966"]
[PlyCount "81"]
[EventDate "2011.07.02"]
[EventType "swiss"]
[EventRounds "11"]
[EventCountry "IND"]
[SourceTitle "CBM 143 Extra"]
[Source "ChessBase"]
[SourceDate "2011.08.29"]
[SourceVersion "1"]
[SourceVersionDate "2011.08.29"]
[SourceQuality "1"]

1. e4 e5 2. Nf3 Nc6 3. Bb5 Bc5 4. c3 Nf6 5. d4 Bb6 6. Nxe5 Qe7 7. Bxc6 bxc6 8. 0-0 0-0 9. Bg5 d6 10. Nxc6 Qxe4 11. Nb4 Bb7 12. f3 Qf5 13. Be3 Rfe8 14. Bf2 c5 15. Nc2 Ba6 16. Ne3 Rxe3 17. Bxe3 Bxf1 18. Qxf1 cxd4 19. cxd4 Re8 20. Bf2 Qc2 21. Na3 Qxb2 22. Nc4 Qc2 23. Nxd6 Rd8 24. Nb7 Rb8 25. Nc5 Rd8 26. Qc1 Qf5 27. a4 Nd5 28. Qb1 Qxb1+ 29. Rxb1 Nc3 30. Re1 Bxc5 31. dxc5 Nxa4 32. c6 Kf8 33. Bxa7 Rc8 34. Re4 Nc3 35. Bc5+ Kg8 36. Re3 Nd5 37. Rd3 Nc7 38. Bd6 Ne8 39. c7 f6 40. Bg3 Kf7 41. Rd8 1-0

[Event "IND-chB (Women) 38th"]
[Site "Chennai"]
[Date "2011.07.02"]
[Round "1"]
[White "Tejaswini, Sagar"]
[Black "Bharathi, R."]
[Result "0-1"]
[WhiteElo "1690"]
[BlackElo "2117"]
[PlyCount "56"]
[EventDate "2011.07.02"]
[EventType "swiss"]
[EventRounds "11"]
[EventCountry "IND"]
[SourceTitle "CBM 143 Extra"]
[Source "ChessBase"]
[SourceDate "2011.08.29"]
[SourceVersion "1"]
[SourceVersionDate "2011.08.29"]
[SourceQuality "1"]

1. e4 c5 2. Nf3 e6 3. d4 cxd4 4. Nxd4 Nc6 5. Nc3 a6 6. Be3 Qc7 7. Qd2 Nf6 8. Be2 Bb4 9. f3 0-0 10. a3 Be7 11. 0-0 b5 12. Kh1 Bb7 13. g4 Nxd4 14. Bxd4 e5 15. Be3 d5 16. exd5 Rad8 17. Bg5 Nxd5 18. Bxe7 Nxe7 19. Qe3 f5 20. Qg5 fxg4 21. Qxg4 Nf5 22. Qh5 Nd4 23. Rac1 Rf5 24. Qh3 Rdf8 25. Qg3 Nxe2 26. Nxe2 Rxf3 27. Rxf3 Rxf3 28. Qg1 Rf1# 0-1

[Event "IND-ch (Women) 37th"]
[Site "Bhubaneswar"]
[Date "2011.01.05"]
[Round "11"]
[White "Gomes, Mary Ann"]
[Black "Bharathi, R."]
[Result "1-0"]
[WhiteElo "2306"]
[BlackElo "2111"]
[PlyCount "125"]
[EventDate "2010.12.25"]
[EventType "swiss"]
[EventRounds "11"]
[EventCountry "IND"]
[SourceTitle "CBM 140 Extra"]
[Source "ChessBase"]
[SourceDate "2011.03.01"]
[SourceVersion "1"]
[SourceVersionDate "2011.03.01"]
[SourceQuality "1"]

1. Nf3 Nf6 2. g3 g6 3. b3 Bg7 4. Bb2 0-0 5. Bg2 d6 6. d4 Nbd7 7. 0-0 e5 8. dxe5 Ng4 9. Nc3 dxe5 10. e4 c6 11. a4 a5 12. h3 Nh6 13. Qd2 f6 14. Rfd1 Nf7 15. Qe2 Qc7 16. Ba3 Re8 17. Qc4 Qb8 18. b4 Nb6 19. Qc5 Qa7 20. bxa5 Qxa5 21. Qxa5 Rxa5 22. Bb4 Ra8 23. a5 Nc4 24. Na4 Bf8 25. c3 Be6 26. Nd2 Nxd2 27. Rxd2 Rad8 28. Rb2 Bd6 29. Bxd6 Nxd6 30. Nc5 Ra8 31. Bf1 Re7 32. Rd2 Nc4 33. Rdd1 Bf7 34. Bxc4 Bxc4 35. Nd7 Be6 36. Nxf6+ Kg7 37. Ng4 Bxg4 38. hxg4 Kf6 39. f3 Ke6 40. Kf2 Rf7 41. c4 c5 42. Ke2 Ra6 43. Ke3 b6 44. axb6 Rxb6 45. Rd3 Rb4 46. Ra6+ Ke7 47. Rc3 Kd7 48. f4 exf4+ 49. gxf4 Rb1 50. f5 Re1+ 51. Kf4 gxf5 52. gxf5 Rf1+ 53. Ke5 Re7+ 54. Re6 Rd1 55. Rxe7+ Kxe7 56. Rh3 Rd4 57. Rxh7+ Ke8 58. Ra7 Rxc4 59. f6 Rb4 60. Kf5 c4 61. e5 Rb5 62. f7+ Kf8 63. Kf6 1-0

[Event "IND-ch (Women) 37th"]
[Site "Bhubaneswar"]
[Date "2010.12.30"]
[Round "6"]
[White "Bharathi, R."]
[Black "Kiran, Manisha Mohanty"]
[Result "0-1"]
[WhiteElo "2111"]
[BlackElo "2230"]
[PlyCount "148"]
[EventDate "2010.12.25"]
[EventType "swiss"]
[EventRounds "11"]
[EventCountry "IND"]
[SourceTitle "CBM 140 Extra"]
[Source "ChessBase"]
[SourceDate "2011.03.01"]
[SourceVersion "1"]
[SourceVersionDate "2011.03.01"]
[SourceQuality "1"]

1. e4 c5 2. Nf3 d6 3. d4 cxd4 4. Nxd4 Nf6 5. Nc3 a6 6. f4 Nbd7 7. a4 g6 8. Bd3 Bg7 9. Nf3 0-0 10. 0-0 Nc5 11. Qe1 Rb8 12. Kh1 b5 13. axb5 axb5 14. e5 Nxd3 15. cxd3 dxe5 16. fxe5 Nd5 17. Ne4 f5 18. exf6 exf6 19. Qh4 f5 20. Qxd8 Rxd8 21. Nf2 Bb7 22. Ra5 Bc6 23. Bg5 Re8 24. d4 Ne3 25. Bxe3 Rxe3 26. Ne5 Bxe5 27. dxe5 Rxe5 28. Ra6 Bd5 29. Nd3 Re3 30. Nf4 Bc4 31. Rd1 Rbe8 32. Raa1 Kg7 33. g3 g5 34. Rd7+ R8e7 35. Nd5 Rxd7 36. Nxe3 Bd3 37. Kg1 f4 38. gxf4 gxf4 39. Ng2 f3 40. Nh4 Be4 41. Re1 Bb7 42. Re3 Rd1+ 43. Kf2 Rd2+ 44. Kf1 Bd5 45. Nxf3 Rxb2 46. h3 Rb3 47. Rxb3 Bxb3 48. Kf2 Bd5 49. Ne1 Be4 50. Ke3 Bf5 51. h4 Kg6 52. Kd4 Kh5 53. Nf3 Bg4 54. Ng5 h6 55. Nf7 Be6 56. Nd6 b4 57. Ne8 Kxh4 58. Ng7 Bf7 59. Nf5+ Kg5 60. Nd6 Bg8 61. Ne4+ Kg6 62. Nc5 h5 63. Ke4 b3 64. Nd3 Kg5 65. Kf3 Bd5+ 66. Kg3 h4+ 67. Kh3 Be6+ 68. Kg2 Kg4 69. Kh2 Kf3 70. Nb2 Ke3 71. Kg2 Kd2 72. Na4 Kc2 73. Kf2 Bd7 74. Nb6 Bb5 0-1

[Event "IND-ch (Women) 37th"]
[Site "Bhubaneswar"]
[Date "2010.12.29"]
[Round "5"]
[White "Preethi, Rajkumar"]
[Black "Bharathi, R."]
[Result "0-1"]
[WhiteElo "2073"]
[BlackElo "2111"]
[PlyCount "196"]
[EventDate "2010.12.25"]
[EventType "swiss"]
[EventRounds "11"]
[EventCountry "IND"]
[SourceTitle "CBM 140 Extra"]
[Source "ChessBase"]
[SourceDate "2011.03.01"]
[SourceVersion "1"]
[SourceVersionDate "2011.03.01"]
[SourceQuality "1"]

1. e4 c5 2. Nf3 e6 3. d4 cxd4 4. Nxd4 Nc6 5. Nc3 a6 6. Be3 Qc7 7. Bd3 Nf6 8. 0-0 Nxd4 9. Bxd4 Bc5 10. Bxc5 Qxc5 11. Qe2 d6 12. Kh1 b5 13. f4 b4 14. Na4 Qc6 15. b3 Bb7 16. Rfe1 0-0 17. c3 bxc3 18. Rac1 Qc7 19. Rxc3 Qa5 20. Bb1 Rac8 21. Rh3 e5 22. fxe5 Qxe5 23. Nb6 Rc5 24. Nc4 Qe6 25. Kg1 Re8 26. Re3 Ng4 27. Rg3 Ne5 28. Nd2 h6 29. Qf1 Qc8 30. h3 Rc3 31. Qf2 Rxg3 32. Qxg3 Qc5+ 33. Qe3 Qc6 34. Qf2 Rc8 35. Nf1 Qc5 36. Ne3 g6 37. Nd1 Kg7 38. Qxc5 Rxc5 39. Nf2 Kf6 40. Rd1 Ke6 41. Nh1 a5 42. Ng3 Ba6 43. Kf2 Nc6 44. Ne2 Ke5 45. Nc1 Nb4 46. Ke3 Rc3+ 47. Kf2 Bb7 48. Ne2 Rc5 49. Ke3 Nc2+ 50. Kd2 Na3 51. Bd3 Bxe4 52. Bxe4 Kxe4 53. Nc3+ Kd4 54. Ne2+ Ke5 55. Nc3 d5 56. Re1+ Kd6 57. Re8 Nb5 58. Nxb5+ Rxb5 59. Kd3 h5 60. Rd8+ Ke7 61. Ra8 Ke6 62. Ra6+ Ke5 63. Ra7 f6 64. Re7+ Kd6 65. Rf7 Ke6 66. Ra7 g5 67. Ra8 h4 68. Re8+ Kd6 69. Re2 Rb4 70. Kc3 f5 71. Re8 d4+ 72. Kd3 a4 73. bxa4 Rxa4 74. Rg8 Ke5 75. Rxg5 Ra3+ 76. Ke2 Rxa2+ 77. Kf3 Ra3+ 78. Ke2 Rg3 79. Rh5 Rxg2+ 80. Kf1 Rh2 81. Rxh4 d3 82. Ke1 f4 83. Rh7 Ke4 84. h4 Ke3 85. Re7+ Kf3 86. Rd7 Rh1+ 87. Kd2 Rxh4 88. Rxd3+ Kf2 89. Rd4 Kg3 90. Rd8 Rh7 91. Ke2 f3+ 92. Kd2 f2 93. Rg8+ Kf3 94. Rf8+ Kg2 95. Rg8+ Kf1 96. Ra8 Rg7 97. Rf8 Kg1 98. Ke2 Re7+ 0-1

[Event "IND-ch (Women) 37th"]
[Site "Bhubaneswar"]
[Date "2010.12.28"]
[Round "4"]
[White "Bharathi, R."]
[Black "Swati, Mohota"]
[Result "1/2-1/2"]
[WhiteElo "2111"]
[BlackElo "2090"]
[PlyCount "74"]
[EventDate "2010.12.25"]
[EventType "swiss"]
[EventRounds "11"]
[EventCountry "IND"]
[SourceTitle "CBM 140 Extra"]
[Source "ChessBase"]
[SourceDate "2011.03.01"]
[SourceVersion "1"]
[SourceVersionDate "2011.03.01"]
[SourceQuality "1"]

1. e4 c6 2. d4 d5 3. exd5 cxd5 4. c4 Nf6 5. Nc3 Nc6 6. Nf3 Bg4 7. cxd5 Nxd5 8. Qb3 Bxf3 9. gxf3 e6 10. Qxb7 Nxd4 11. Bb5+ Nxb5 12. Qc6+ Ke7 13. Qxb5 Qd7 14. Nxd5+ Qxd5 15. Bg5+ f6 16. Qxd5 exd5 17. Be3 Ke6 18. 0-0-0 Bb4 19. a3 Rhc8+ 20. Kb1 Bc5 21. Rhe1 Bxe3 22. Rxe3+ Kd6 23. Red3 Rc5 24. b4 Rb5 25. Kb2 a5 26. Rd4 g5 27. f4 axb4 28. axb4 Re8 29. fxg5 fxg5 30. Kb3 Re2 31. Ka4 Kc6 32. Rc1+ Kb6 33. Rf1 Kc6 34. Rc1+ Kb6 35. Rf1 Kc6 36. Rc1+ Kb6 37. Rf1 Kc6 1/2-1/2

[Event "IND-ch (Women) 37th"]
[Site "Bhubaneswar"]
[Date "2010.12.26"]
[Round "2"]
[White "Bharathi, R."]
[Black "Karavade, Eesha"]
[Result "0-1"]
[WhiteElo "2111"]
[BlackElo "2369"]
[PlyCount "66"]
[EventDate "2010.12.25"]
[EventType "swiss"]
[EventRounds "11"]
[EventCountry "IND"]
[SourceTitle "CBM 140 Extra"]
[Source "ChessBase"]
[SourceDate "2011.03.01"]
[SourceVersion "1"]
[SourceVersionDate "2011.03.01"]
[SourceQuality "1"]

1. e4 c5 2. Nf3 d6 3. d4 cxd4 4. Nxd4 Nf6 5. Nc3 e6 6. Be2 Be7 7. 0-0 0-0 8. f4 Nc6 9. Be3 Bd7 10. Nb3 a6 11. a4 Na5 12. e5 Ne8 13. Bd3 Nxb3 14. cxb3 Bc6 15. Qc2 g6 16. Ne4 Rc8 17. Qe2 Qa5 18. Bd4 Bxe4 19. Qxe4 d5 20. Qf3 Qb4 21. Qe3 Ng7 22. g4 Qxb3 23. f5 exf5 24. gxf5 Nxf5 25. Rxf5 gxf5 26. Qh3 Rc6 27. Qxf5 Rg6+ 28. Kh1 Kh8 29. Qf1 Rg7 30. e6 f6 31. Rc1 Qxa4 32. Qf4 Qb4 33. Qh4 Qd2 0-1